| 000 | 00832nam a2200217 4500 | ||
|---|---|---|---|
| 003 | CO-ViMGA | ||
| 020 | _a9789585922716 | ||
| 040 |
_aCO-ViMGA _bspa _cCO-ViMGA |
||
| 082 | 0 | 4 |
_a330 _bM24E |
| 100 | 1 |
_aMelé, Joan Antoni _d1951- _98595 |
|
| 245 | 1 | 0 |
_aLa economía explicada a los jóvenes / _cJoan Antoni Melé. |
| 260 |
_aBogotá : _bEdiciones Urano, _c2016. |
||
| 300 |
_a115 páginas : _bilustraciones en blanco y negro ; 21 cm. |
||
| 490 | _aPlan Nacional de Lectura y Escritura Leer es mi Cuento / Ministerio de Cultura | ||
| 650 | 1 | 4 |
_aAhorro e inversión _xLiteratura juvenil _98599 |
| 650 | 1 | 4 |
_aCrisis económica _xLiteratura juvenil _98597 |
| 650 | 1 | 4 |
_aEconomía _xLiteratura juvenil _98596 |
| 650 | 1 | 4 |
_aTeoría económica _xLiteratura juvenil _98598 |
| 700 | 1 |
_aMalet, Oriol, _eilustrador _98600 |
|
| 942 |
_2ddc _cBK |
||
| 999 |
_c7591 _d7591 |
||